000
00233nam a2200097Ia 4500
008
190216s9999||||xx |||||||||||||| ||und||
100
_a
Jagannath Das Rethnagar
245
0
_a
Hindi-Bhihari Rathnakar
260
_b
Rathnagar
942
_c
BK
999
_c
17237
_d
17237